| 000 | 00740nam a2200193 a 4500 | ||
|---|---|---|---|
| 001 | 000864416 | ||
| 003 | AM-YeHGA | ||
| 005 | 20250617145125.0 | ||
| 008 | 120203s1973 ||| r 000 0 rus d | ||
| 040 | _aAM-YeHGA | ||
| 041 | 0 | _arus | |
| 245 | 0 | 0 |
_aПроектирование информационно-логических устройств для ирригации / _cАН Кирг.ССР. Ин-т автоматики; Отв. ред. В.И. Куротченко. |
| 260 |
_aФрунзе : _bИлим, _c1973. |
||
| 300 |
_a165 с. : _bил. |
||
| 653 | 0 | _aАвтоматика | |
| 700 | 1 |
_aКуротченко, В.И. _eред. _4edt |
|
| 710 | 2 | _aИнститут автоматики АН КиргССР | |
| 090 | _c308356 | ||
| 999 |
_c306648 _d306648 |
||